Study guide with brief research projects for individual in society by Krech, Crutchfield, and Ballachey
Guardat en:
| Autor principal: | |
|---|---|
| Format: | Llibre |
| Idioma: | anglès |
| Publicat: |
Nueva York
McGraw-Hill
1963
|
| Matèries: | |
| Etiquetes: |
Afegir etiqueta
Sense etiquetes, Sigues el primer a etiquetar aquest registre!
|
MARC
| LEADER | 00000nam a2200000 a 4500 | ||
|---|---|---|---|
| 001 | UCR9925 | ||
| 003 | CL-VaPUC | ||
| 008 | 980619e19630000US |||||||||||||||||eng|d | ||
| 082 | 0 | 4 | |a 302.5 |b BAL |2 21 |
| 100 | 0 | |a Ballachey, Egerton L |e author |9 412951 | |
| 245 | 1 | 0 | |a Study guide with brief research projects for individual in society by Krech, Crutchfield, and Ballachey |
| 300 | |a 242 p | ||
| 942 | |c BK | ||
| 945 | |d 19980619 00:00:00 |a crobeson | ||
| 260 | |a Nueva York |b McGraw-Hill |c 1963 | ||
| 650 | 0 | |a Psicología social |9 222894 | |
| 650 | 0 | |a Cognición |9 270347 | |
| 650 | 0 | |a Motivación |9 315362 | |
| 650 | 0 | |a Relaciones interpersonales |9 307056 | |
| 650 | 0 | |a Actitud |9 258129 | |
| 650 | 0 | |a Comunicación |9 257251 | |
| 650 | 0 | |a Lenguaje |9 265069 | |
| 650 | 0 | |a Sociedad |9 307903 | |
| 650 | 0 | |a Cultura |9 269059 | |
| 650 | 7 | |a GRUPOS |2 CL-VaPUC |9 336429 | |
| 650 | 0 | |a Organizaciones |9 337993 | |
| 650 | 0 | |a Liderazgo |9 271835 | |
| 583 | |a last modification |c 19980619 00:00:00 |k Rodrigo Vera | ||
| 999 | |c 271099 |d 271097 | ||
| 952 | |0 0 |1 0 |4 0 |6 302_500000000000000_BAL_1963 |7 0 |8 P |9 305608 |a BIBENE |b BIBENE |d 2019-11-20 |i 1421239 |o 302.5 BAL 1963 |p 1421239 |r 2025-01-15 |w 2019-11-20 |y BK |k ICO | ||